C : (Record no. 78849)

MARC details
000 -LEADER
fixed length control field 00931nam a22002897a 4500
005 - DATE AND TIME OF LATEST TRANSACTION
control field 20140820144637.0
010 ## - LCCN (DPL NO)
LC control number ENG-108431
020 ## - INTERNATIONAL STANDARD BOOK NUMBER
Terms of availability 750.00
International Standard Book Number 9788120348271
035 ## - SYSTEM CONTROL NUMBER
System control number EN-91964
035 ## - SYSTEM CONTROL NUMBER
System control number B-536904-915
037 ## - SOURCE OF ACQUISITION
Source of stock number/acquisition DBAD/PUB
037 ## - SOURCE OF ACQUISITION
Source of stock number/acquisition UBH/Ven
Stock number dpl
082 ## - DEWEY DECIMAL CLASSIFICATION NUMBER
Classification number 005.133
100 ## - MAIN ENTRY--PERSONAL NAME
Personal name Deitel, Paul
245 ## - TITLE STATEMENT
Title C :
Statement of responsibility, etc by Paul Deitel [and] Harvey Deitel
Remainder of title how to program /
250 ## - EDITION STATEMENT
Edition statement 7th ed
260 ## - PUBLICATION, DISTRIBUTION, ETC. (IMPRINT)
Place of publication, distribution, etc Delhi
Name of publisher, distributor, etc PHI Learning
Date of publication, distribution, etc 2013
270 ## - ADDRESS
Address Rimjhim House, 111, Patparganj Industrial Estate,
City Delhi
Postal code 110092
300 ## - PHYSICAL DESCRIPTION
Extent xviii, 947p.
Dimensions 24cm(pbk)
490 ## - SERIES STATEMENT
Series statement How to program series
500 ## - GENERAL NOTE
General note Includes index
650 ## - SUBJECT ADDED ENTRY--TOPICAL TERM
Topical term or geographic name as entry element C (Computer program language)
650 ## - SUBJECT ADDED ENTRY--TOPICAL TERM
Topical term or geographic name as entry element Java (Computer program language)
700 ## - ADDED ENTRY--PERSONAL NAME
Personal name Deitel, Harvey
942 ## - ADDED ENTRY ELEMENTS (KOHA)
Source of classification or shelving scheme Dewey Decimal Classification
Item type English Books
Call number suffix DEI
Classification part 005.133
Holdings
Withdrawn status Lost status Not for loan Collection code Home library Current library Date acquired Source of acquisition Cost, normal purchase price Full call number Barcode Copy number Cost, replacement price Koha item type
      Non-fiction Central Library Central Library 20/08/2014 UBH/317/28.03.2014/148/25.03.2014/31.03.2014 750.00 005.133 DEI B-536904 1 750.00 English Books
    Not For Loan Reference Central Library Central Library 20/08/2014 UBH/317/28.03.2014/148/25.03.2014/31.03.2014 750.00 005.133 DEI B-536905 1 750.00 English Books
    Not For Loan Non-fiction D.B.Act.Division D.B.Act.Division 27/08/2013 DBAD / PUB 750.00 005.133 DEI EN-91964 1 750.00 English Books
      Non-fiction Janak Puri Janak Puri 20/08/2014 UBH/317/28.03.2014/148/25.03.2014/31.03.2014 750.00 005.133 DEI B-536907 1 750.00 English Books
  Written-off vide DLB M. No. 383 dt 16.05.19   Non-fiction Karol Bagh Karol Bagh 20/08/2014 UBH/317/28.03.2014/148/25.03.2014/31.03.2014 750.00 005.133 DEI B-536910 1 750.00 English Books
      Non-fiction Narela Narela 20/08/2014 UBH/317/28.03.2014/148/25.03.2014/31.03.2014 750.00 005.133 DEI B-536912 1 750.00 English Books
      Non-fiction New Rohtak Road New Rohtak Road 20/08/2014 UBH/317/28.03.2014/148/25.03.2014/31.03.2014 750.00 005.133 DEI B-536911 1 750.00 English Books
  Written-off vide DLB M. No. 383 dt 16.05.19   Non-fiction Patel Nagar Patel Nagar 20/08/2014 UBH/317/28.03.2014/148/25.03.2014/31.03.2014 750.00 005.133 DEI B-536906 1 750.00 English Books
      Non-fiction R.C.Libraries (BL-III) R.C.Libraries (BL-III) 20/08/2014 UBH/317/28.03.2014/148/25.03.2014/31.03.2014 750.00 005.133 DEI B-536914 2 750.00 English Books
      Non-fiction R.C.Libraries (BL-III) R.C.Libraries (BL-III) 20/08/2014 UBH/317/28.03.2014/148/25.03.2014/31.03.2014 750.00 005.133 DEI B-536915 2 750.00 English Books
      Non-fiction Sarojini Nagar Sarojini Nagar 20/08/2014 UBH/317/28.03.2014/148/25.03.2014/31.03.2014 750.00 005.133 DEI B-536908 1 750.00 English Books
      Non-fiction Shahdara Branch Shahdara Branch 20/08/2014 UBH/317/28.03.2014/148/25.03.2014/31.03.2014 750.00 005.133 DEI B-536913 1 750.00 English Books
      Non-fiction Vinoba Puri Vinoba Puri 20/08/2014 UBH/317/28.03.2014/148/25.03.2014/31.03.2014 750.00 005.133 DEI B-536909 1 750.00 English Books

© Delhi Public Library
Hit Counter
free hit counter